00709nam a22001937a 4500999001900000005001700019010001500036020002700051035001400078037001300092082001500105100002100120245006900141260004200210270007100252300002500323942002900348952013800377 c190183d19018320220720114234.0 aENG-133714 a9788183877787c2495.00 aEN-117246 bDBAD/PUB a320.550954 aPattanaik, D. D. aCultural nationalism in Indian perspective /cby D. D. Pattanaik aNew DelhibSerials Publicationsc2016 a4830/24, Prahlad Street, Ansari Road, DaryaganjbNew Delhie110002 axii, 681p.c22cm(Hb) 2ddccENh320.550954mPAT 001040718REFaBNbBNd2022-07-20eDBAD/PUBg2495.00l0o320.550954 PATpEN-117246r2022-07-20 00:00:00t1v2495.00w2022-07-20yEN